Hard Friends Trivia - Statistics

General Stats
  • This quiz has been taken 2,151 times
  • The average score is 11 of 15
Answer Stats
Hint Answer % Correct
What friends character had three nipples? chandler
99%
Who sings "Smelly Cat"? phoebe
95%
Ross's ex-wives lesbian life partners name is..? susan
94%
The character who always yells "oh my god" janice
93%
Ross and Rachel get the name emma from who? monica
93%
The color of Monicas apartment purple
91%
Rachel's assistant whom she starts dating is named? tag
90%
The color of the picture frame around Monica's peephole yellow
83%
What color is the couch in Central Perk? burnt orange
75%
Chandler gets stuck in the bank vestibule with who? jill goodacre
63%
who says, "Oh, you do, do you" mocking Ross? joey
61%
Who is Ross's first kid named after? the hospital janitor
49%
Who was phoebe's first husband? duncan
40%
Two different numbers have been associated to Monica's apartment, what ones? 5 and 20
30%
Joeys first female roommate is named? jenine
11%
No matching quizzes found
Score Distribution
Percent of People with Each Score
Percentile by Number Answered
Your Score History
You have not taken this quiz